00458cam a2200157 i 4500020004300000020004000043082001200083100002200095245003000117250001900147260003300166300003200199650001700231700002100248700003100269 a9780073402406 (hard copy : alk. paper) a0073402400 (hard copy : alk. paper)00a579 WIL1 aWilley, Joanne M.10aPrescott's microbiology / aNinth edition. aNewn YorkbMcGraw Hillc2014 a1014bcolor illustrations ; 0aMicrobiology1 aSherwood, Linda.1 aWoolverton, Christopher J.